Biological Risk Engineering Handbook : Infection Control and Decontamination /

Guardat en:
Dades bibliogràfiques
Autor principal: Boss, Martha J. (autor)
Altres autors: Day, Dennis W. (autor) (autor)
Format: Llibre
Idioma:anglès
Publicat: Boca Ratón, EUA : Lewis : CRC Press, 2003, c2003
Matèries:
Etiquetes: Afegir etiqueta
Sense etiquetes, Sigues el primer a etiquetar aquest registre!

MARC

LEADER 00000nam^a2200000^a^4500
001 000153211
005 20250521000000.0
009 20260310100312.381
020 |a 1-56670-606-8 
037 |a Acervo ITESO - Biblioteca 
041 |a ING 
082 |a 628.  |b BOS 
100 |a Boss, Martha J.  |e (autor) 
245 1 0 |a Biological Risk Engineering Handbook :  |b Infection Control and Decontamination /  |c Ed. de M.J. Boss, D.W. Day. 
264 4 |a Boca Ratón, EUA :  |b Lewis :  |b CRC Press,  |c 2003, c2003 
300 |a 511 p. 
336 |a texto  |b txt  |2 rdacontenido 
337 |a sin mediación  |b n  |2 rdamedio 
338 |a volumen  |b nc  |2 rdasoporte 
649 |a XX 
650 |a Desechos Industriales -  |x Tratamiento y Reciclaje 
650 |a Desechos 
650 |a Contaminación Ambiental 
650 |a Riesgo Ambiental 
650 |a Medio Ambiente 
650 |a Torres de Enfriamiento 
650 |a Sistemas de Ventilación Adecuados (Seguridad Industrial) 
650 |a Seguridad Industrial 
650 |a Mantenimiento Industrial 
650 |a Toxicología 
650 |a Biología 
650 |a Ingeniería Industrial 
650 |a Ingeniería Sanitaria 
650 |a Ingeniería Ambiental 
700 |a Day, Dennis W.  |e (autor) 
910 |a Fondo General 
920 |a Impresos - Libros 
930 |a Colección General 
905 |a 101 
901 |a 0500081874  |b IT1  |c ACC  |u 20250521 
902 |a https://opac.biblio.iteso.mx/vufind/Record/000153211